Guía de las obras dramáticas de Shakespeare / (Record no. 17550)

MARC details
000 -LEADER
campo de control de longitud fija 00798nam a2200241 i 4500
001 - NÚMERO DE CONTROL
campo de control 17550
003 - IDENTIFICADOR DE NÚMERO DE CONTROL
campo de control ES-MaACL
005 - FECHA Y HORA DE LA ÚLTIMA TRANSACCIÓN
campo de control 20251009170758.0
007 - CAMPO FIJO DE DESCRIPCIÓN FÍSICA--INFORMACIÓN GENERAL
campo de control de longitud fija t|
008 - DATOS DE LONGITUD FIJA--INFORMACIÓN GENERAL
campo de control de longitud fija 010403s2000 sp |||| | spa d
020 ## - NÚMERO INTERNACIONAL ESTÁNDAR DEL LIBRO
Número Internacional Estándar del Libro 84-8428-025-X
080 ## - NÚMERO DE LA CLASIFICACIÓN DECIMAL UNIVERSAL
Número de la Clasificación Decimal Universal 821.111 Shakespeare, William 2.06
100 1# - ENTRADA PRINCIPAL--NOMBRE DE PERSONA
Nombre de persona McLeish, Kenneth.
9 (RLIN) 79602
245 10 - MENCIÓN DEL TÍTULO
Título Guía de las obras dramáticas de Shakespeare /
Mención de responsabilidad, etc. Kenneth McLeish, Stepehn Unwin ; traducción, A.T. Desmonts.
250 ## - MENCION DE EDICION
Mención de edición 1ª ed.
260 ## - PUBLICACIÓN, DISTRIBUCIÓN, ETC.
Lugar de publicación, distribución, etc. Barcelona :
Nombre del editor, distribuidor, etc. Alba,
Fecha de publicación, distribución, etc. 2000.
300 ## - DESCRIPCIÓN FÍSICA
Extensión 385 p. ;
Dimensiones 21 cm.
600 14 - PUNTO DE ACCESO ADICIONAL DE MATERIA--NOMBRE DE PERSONA
Nombre de persona Shakespeare, William,
Fechas asociadas al nombre 1564-1616-
Subdivisión general Crítica e interpretación
9 (RLIN) 105993
700 1# - ENTRADA AGREGADA--NOMBRE PERSONAL
Nombre de persona Unwin, Stephen.
9 (RLIN) 112034
700 1# - ENTRADA AGREGADA--NOMBRE PERSONAL
Nombre de persona Desmonts, Antonio,
Fechas asociadas al nombre 1942-
9 (RLIN) 160311
852 ## - LOCALIZACIÓN
Ubicación ES-MaACL
Número de control de estantería L-24469
Holdings
Estatus retirado Estado de pérdida Estado de daño No para préstamo Biblioteca de origen Biblioteca actual Ubicación en estantería Fecha de adquisición Fuente de adquisición Total de préstamos Signatura topográfica completa Código de barras Visto por última vez Precio de reemplazo Tipo de ítem Koha
        Biblioteca del Ateneo de Madrid Biblioteca del Ateneo de Madrid Depósito 2 17/01/2008     L-24469 1017905 23/02/2023 23/02/2023 Libro impreso